<?xml version="1.0" encoding="UTF-8"?>
<record
    xmlns:xsi="http://www.w3.org/2001/XMLSchema-instance"
    xsi:schemaLocation="http://www.loc.gov/MARC21/slim http://www.loc.gov/standards/marcxml/schema/MARC21slim.xsd"
    xmlns="http://www.loc.gov/MARC21/slim">

  <leader>00481cam a2200169 a 4500</leader>
  <datafield tag="020" ind1=" " ind2=" ">
    <subfield code="a">0716731363</subfield>
  </datafield>
  <datafield tag="040" ind1=" " ind2=" ">
    <subfield code="c">DLC</subfield>
  </datafield>
  <datafield tag="082" ind1="0" ind2="0">
    <subfield code="a">571 FRE 2000 A124 Co.</subfield>
  </datafield>
  <datafield tag="245" ind1="0" ind2="0">
    <subfield code="a">Molecular cell biology /</subfield>
  </datafield>
  <datafield tag="250" ind1=" " ind2=" ">
    <subfield code="a">4th ed.</subfield>
  </datafield>
  <datafield tag="260" ind1=" " ind2=" ">
    <subfield code="a">New York :</subfield>
    <subfield code="b">W.H. Freeman,</subfield>
    <subfield code="c">c2000.</subfield>
  </datafield>
  <datafield tag="300" ind1=" " ind2=" ">
    <subfield code="a">xxxvi, 1084, G-17, I-36 p. :</subfield>
    <subfield code="b">ill. (some col.);</subfield>
    <subfield code="c">cm.</subfield>
    <subfield code="e">1 computer laser optical disc (4 3/4 in.)</subfield>
  </datafield>
  <datafield tag="650" ind1=" " ind2="0">
    <subfield code="a">Cytology.</subfield>
  </datafield>
  <datafield tag="650" ind1=" " ind2="0">
    <subfield code="a">Molecular biology.</subfield>
  </datafield>
  <datafield tag="700" ind1="1" ind2=" ">
    <subfield code="a">Lodish, Harvey F.</subfield>
  </datafield>
  <datafield tag="942" ind1=" " ind2=" ">
    <subfield code="c">EK</subfield>
  </datafield>
  <datafield tag="999" ind1=" " ind2=" ">
    <subfield code="c">17213</subfield>
    <subfield code="d">17213</subfield>
  </datafield>
  <datafield tag="952" ind1=" " ind2=" ">
    <subfield code="0">0</subfield>
    <subfield code="1">0</subfield>
    <subfield code="4">0</subfield>
    <subfield code="6">571_000000000000000_FRE_2000_A124_CO</subfield>
    <subfield code="7">0</subfield>
    <subfield code="9">74328</subfield>
    <subfield code="a">LBA</subfield>
    <subfield code="b">LBA</subfield>
    <subfield code="c">A124</subfield>
    <subfield code="d">2018-09-05</subfield>
    <subfield code="o">571 FRE 2000 A124 Co.</subfield>
    <subfield code="p">A19439</subfield>
    <subfield code="r">2018-09-05</subfield>
    <subfield code="w">2018-09-05</subfield>
    <subfield code="y">EK</subfield>
  </datafield>
  <datafield tag="952" ind1=" " ind2=" ">
    <subfield code="0">0</subfield>
    <subfield code="1">0</subfield>
    <subfield code="4">0</subfield>
    <subfield code="6">571_000000000000000_FRE_2000_A124_CO</subfield>
    <subfield code="7">0</subfield>
    <subfield code="9">74329</subfield>
    <subfield code="a">LBA</subfield>
    <subfield code="b">LBA</subfield>
    <subfield code="c">A124</subfield>
    <subfield code="d">2018-09-05</subfield>
    <subfield code="o">571 FRE 2000 A124 Co.</subfield>
    <subfield code="p">A19865</subfield>
    <subfield code="r">2018-09-05</subfield>
    <subfield code="y">EK</subfield>
  </datafield>
  <datafield tag="952" ind1=" " ind2=" ">
    <subfield code="0">0</subfield>
    <subfield code="1">0</subfield>
    <subfield code="4">0</subfield>
    <subfield code="6">571_000000000000000_FRE_2000_A124_CO</subfield>
    <subfield code="7">0</subfield>
    <subfield code="9">74330</subfield>
    <subfield code="a">LBA</subfield>
    <subfield code="b">LBA</subfield>
    <subfield code="c">A124</subfield>
    <subfield code="d">2018-09-05</subfield>
    <subfield code="o">571 FRE 2000 A124 Co.</subfield>
    <subfield code="p">A19043</subfield>
    <subfield code="r">2018-09-05</subfield>
    <subfield code="y">EK</subfield>
  </datafield>
  <datafield tag="952" ind1=" " ind2=" ">
    <subfield code="0">0</subfield>
    <subfield code="1">0</subfield>
    <subfield code="4">0</subfield>
    <subfield code="6">571_000000000000000_FRE_2000_A124_CO</subfield>
    <subfield code="7">0</subfield>
    <subfield code="9">74331</subfield>
    <subfield code="a">LBA</subfield>
    <subfield code="b">LBA</subfield>
    <subfield code="c">A124</subfield>
    <subfield code="d">2018-09-05</subfield>
    <subfield code="o">571 FRE 2000 A124 Co.</subfield>
    <subfield code="p">A18597</subfield>
    <subfield code="r">2018-09-05</subfield>
    <subfield code="y">EK</subfield>
  </datafield>
  <datafield tag="952" ind1=" " ind2=" ">
    <subfield code="0">0</subfield>
    <subfield code="1">0</subfield>
    <subfield code="4">0</subfield>
    <subfield code="6">571_000000000000000_FRE_2000_A124_CO</subfield>
    <subfield code="7">0</subfield>
    <subfield code="9">74332</subfield>
    <subfield code="a">LBA</subfield>
    <subfield code="b">LBA</subfield>
    <subfield code="c">A124</subfield>
    <subfield code="d">2018-09-05</subfield>
    <subfield code="o">571 FRE 2000 A124 Co.</subfield>
    <subfield code="p">A19158</subfield>
    <subfield code="r">2018-09-05</subfield>
    <subfield code="y">EK</subfield>
  </datafield>
  <datafield tag="952" ind1=" " ind2=" ">
    <subfield code="0">0</subfield>
    <subfield code="1">0</subfield>
    <subfield code="4">0</subfield>
    <subfield code="6">571_000000000000000_FRE_2000_A124_CO</subfield>
    <subfield code="7">0</subfield>
    <subfield code="9">74333</subfield>
    <subfield code="a">LBA</subfield>
    <subfield code="b">LBA</subfield>
    <subfield code="c">A124</subfield>
    <subfield code="d">2018-09-05</subfield>
    <subfield code="o">571 FRE 2000 A124 Co.</subfield>
    <subfield code="p">A14923</subfield>
    <subfield code="r">2018-09-05</subfield>
    <subfield code="y">EK</subfield>
  </datafield>
  <datafield tag="952" ind1=" " ind2=" ">
    <subfield code="0">0</subfield>
    <subfield code="1">0</subfield>
    <subfield code="4">0</subfield>
    <subfield code="6">571_000000000000000_FRE_2000_A124_CO</subfield>
    <subfield code="7">0</subfield>
    <subfield code="9">74334</subfield>
    <subfield code="a">LBA</subfield>
    <subfield code="b">LBA</subfield>
    <subfield code="c">A124</subfield>
    <subfield code="d">2018-09-05</subfield>
    <subfield code="o">571 FRE 2000 A124 Co.</subfield>
    <subfield code="p">A33812</subfield>
    <subfield code="r">2018-09-05</subfield>
    <subfield code="y">EK</subfield>
  </datafield>
</record>
